Kvalita demokracie v České republice / Stanislav Balík, Michal Pink, Andrew Roberts, Marek Rybář, Peter Spáč, Petra Svačinová, Petr Voda
Record details
- ISBN: 978-80-7325-417-9
- ISBN: 978-80-210-8537-4
- Physical Description: 223 stran : ilustrace ; 21 cm
- Edition: 1. vydání
- Publisher: Brno : Centrum pro studium demokracie a kultury : 2016
Content descriptions
| Bibliography, etc. Note: | Obsahuje bibliografii |
| Language Note: | Anglické resumé |
Search for related items by subject
| Subject: | demokracie > Česko democracy > Czechia Česko > politika a vláda > 21. století Czechia > politics and government > 21st century |
| Genre: | kolektivní monografie collective monographs |
Search for related items by series
Available copies
- 1 of 1 copy available at Common Catalog SPOK.
Holds
- 0 current holds with 1 total copy.
Show Only Available Copies
| Location | Call Number / Copy Notes | Barcode | Shelving Location | Status | Due Date |
|---|---|---|---|---|---|
| Jabok Library | Soc-5.3 | 424480039592 | Odborná literatura | Available | - |
| LDR | 02680nam a2200709 i 4500 | ||
|---|---|---|---|
| 001 | 24690 | ||
| 003 | CZ-PrJAB | ||
| 005 | 20170616062432.0 | ||
| 007 | ta | ||
| 008 | 170327s2016 xr a f 000 0 cze | ||
| 015 | . | ‡acnb002887678 | |
| 020 | . | ‡a978-80-7325-417-9 ‡q(CDK ; ‡qbrožováno) | |
| 020 | . | ‡a978-80-210-8537-4 ‡q(Masarykova univerzita ; ‡qbrožováno) : ‡cKč 198,00 | |
| 035 | . | ‡a(CZ PrSKC)nkc20172887678 | |
| 040 | . | ‡aABA001 ‡bcze ‡dBOA001 ‡erda | |
| 041 | 0 | . | ‡acze ‡beng |
| 043 | . | ‡ae-xr--- | |
| 045 | . | ‡ay-y- | |
| 072 | 7. | ‡a321 ‡xPolitologie ‡2Konspekt ‡915 | |
| 080 | . | ‡a321.7+342.34 ‡2MRF | |
| 080 | . | ‡a328/329 ‡2MRF | |
| 080 | . | ‡a(437.3) ‡2MRF | |
| 080 | . | ‡a(048.8:082) ‡2MRF | |
| 100 | 1 | . | ‡aBalík, Stanislav, ‡d1978- ‡7jn20010309401 ‡4aut |
| 245 | 1 | 0. | ‡aKvalita demokracie v České republice / ‡cStanislav Balík, Michal Pink, Andrew Roberts, Marek Rybář, Peter Spáč, Petra Svačinová, Petr Voda |
| 250 | . | ‡a1. vydání | |
| 264 | 1. | ‡aBrno : ‡bCentrum pro studium demokracie a kultury : ‡bMasarykova univerzita, ‡c2016 | |
| 300 | . | ‡a223 stran : ‡bilustrace ; ‡c21 cm | |
| 336 | . | ‡atext ‡btxt ‡2rdacontent | |
| 337 | . | ‡abez média ‡bn ‡2rdamedia | |
| 338 | . | ‡asvazek ‡bnc ‡2rdacarrier | |
| 490 | 1 | . | ‡aPolitologická řada ; ‡vsvazek č. 60 |
| 504 | . | ‡aObsahuje bibliografii | |
| 546 | . | ‡aAnglické resumé | |
| 648 | 7. | ‡a21. století ‡7ch460559 ‡2czenas | |
| 650 | 0 | 7. | ‡ademokracie ‡7ph117182 ‡zČesko ‡2czenas |
| 650 | 0 | 9. | ‡ademocracy ‡zCzechia ‡2eczenas |
| 651 | 7. | ‡aČesko ‡7ge128065 ‡xpolitika a vláda ‡y21. století ‡2czenas | |
| 651 | 9. | ‡aCzechia ‡xpolitics and government ‡y21st century ‡2eczenas | |
| 655 | 7. | ‡akolektivní monografie ‡7fd501537 ‡2czenas | |
| 655 | 9. | ‡acollective monographs ‡2eczenas | |
| 700 | 1 | . | ‡aPink, Michal, ‡d1976- ‡7mzk2008434124 ‡4aut |
| 700 | 1 | . | ‡aRoberts, Andrew Lawrence, ‡d1970- ‡7js20011212112 ‡4aut |
| 700 | 1 | . | ‡aRybář, Marek ‡7jo2015870088 ‡4aut |
| 700 | 1 | . | ‡aSpáč, Peter, ‡d1984- ‡7mzk2011627288 ‡4aut |
| 700 | 1 | . | ‡aSvačinová, Petra ‡7mzk2017951240 ‡4aut |
| 700 | 1 | . | ‡aVoda, Petr ‡7jo2015870095 ‡4aut |
| 830 | 0. | ‡aPolitologická řada | |
| 910 | . | ‡aABG312 | |
| 901 | . | ‡a24690 ‡b ‡c24690 ‡tbiblio | |